| 000 | 01148nam a22002777a 4500 | ||
|---|---|---|---|
| 999 |
_c170188 _d170188 |
||
| 005 | 20191211165352.0 | ||
| 008 | 191211b ||||| |||| 00| 0 eng d | ||
| 010 | _aB-232177 | ||
| 020 | _c120.00 | ||
| 035 | _aB-232177 | ||
| 037 | _bCen Lib/Ret | ||
| 040 |
_aDPL _bHN |
||
| 082 |
_a615.52 _bरामकि |
||
| 100 |
_aरामकिशन _999418 |
||
| 245 |
_aआयुर्वेद सामान्य रोग और उपचार / _cरामकिशन |
||
| 246 |
_aAyurved samanay rog aur upchar / _bby Ramkishan |
||
| 250 | _a2nd ed. | ||
| 260 |
_aनयी दिल्ली _bप्रकशन विभाग _c2007 |
||
| 270 |
_bनयी दिल्ली _aपटियाला हाउस _e110001 |
||
| 300 |
_a146पृ. _c22सेमी(सजिल्द ) |
||
| 650 |
_aस्वास्थ्य विज्ञान _x _z _969942 |
||
| 650 |
_aस्वास्थ्य विज्ञान -- आयुर्वेद _978963 |
||
| 650 |
_aHealth Science _916285 |
||
| 650 |
_aHealth Science - Ayurveda _999419 |
||
| 942 |
_2ddc _cHN _h615.52 _mरामकि |
||